[Event "IECC M email"]
[Site "IECC email"]
[Date "1998.10.31"]
[Round "?"]
[White "Nielsen, Henrik C Eilsoe"]
[Black "Posigian, Steven"]
[Result "0-1"]
[WhiteElo "1400"]
[BlackElo "1367"]
[PlyCount "54"]
[EventDate "1998.??.??"]
[EventType "tourn (corr)"]
[EventRounds "12"]
[SourceTitle "Corr 2008"]
[Source "ChessBase"]
[SourceDate "2008.06.24"]
[SourceVersion "1"]
[SourceVersionDate "2008.06.24"]
[SourceQuality "1"]

1. e4 d5 2. exd5 Qxd5 3. Nc3 Qa5 4. d4 Nc6 5. Nf3 Bg4 6. Be2 0-0-0 7. Be3 Nf6 8. 0-0 e5 9. Ng5 Bxe2 10. Qxe2 exd4 11. Nxf7 dxc3 12. bxc3 Bd6 13. Nxh8 Rxh8 14. c4 Re8 15. Qd3 Qe5 16. g3 Qh5 17. Kg2 Ne5 18. Qd1 Neg4 19. h3 Rxe3 20. fxe3 Nxe3+ 21. Kh2 Nxd1 22. Raxd1 Ng4+ 23. Kg1 Qxh3 24. Rd2 Bc5+ 25. Rff2 Bxf2+ 26. Rxf2 Qxg3+ 27. Kh1 Nxf2# 0-1